000 00315nam a22001457a 4500
008 210224b ||||| |||| 00| 0 eng d
020 _a0669598658
041 _aeng
080 _a510
082 _a510
100 _a36
101 _aMAT
245 _aHeath Elementary Mathematics
_cDilley,C.A
942 _2udc
_cBK
999 _c55157
_d55157